| 000 | 00589nas a2200205 4500 | ||
|---|---|---|---|
| 001 | BR9606956 | ||
| 003 | BR-BrBNA | ||
| 005 | 20231205094924.0 | ||
| 007 | ta | ||
| 008 | 230509b bl.|||p| |||| 00| 00por d | ||
| 040 |
_aBR-BrBNA _bpor _cBiblioteca Nacional de Agricultura |
||
| 041 | _a(Pt) | ||
| 072 | _aN10 | ||
| 100 | 1 | _a(Anon.) | |
| 245 | 1 | _aManejo. Cerca eletrica pratica, barata e segura | |
| 650 | _aCerca Eletrica | ||
| 773 | 0 |
_tProdutor de Leite (Brazil) _x _g(May-Jun 1996), v. 25(156) p. 18-23 _wBR9606956 |
|
| 909 |
_a202311 _bLúcia _c55 _dLúcia Elande |
||
| 942 |
_2AGRIS _n0 _cANA |
||
| 999 |
_c147748 _d147748 |
||